000 00787cab a2200205 4500
001 ABS47988
008 090401t1993 xxu||||| |||| 00| 0 eng d
035 _a(Sirsi) u64314
041 _aeng
100 _aBeare, M.
245 _aBridges - repairing old and new
260 _c1993
350 _a0
490 _aConstruction Repair
_v7(1) January/February 1993, 6-8(3)
520 _aThere are three types of bridge structure, masonry arches, concrete and steel bridges. Looks at likely causes and evidence of deterioration, with advice on remedial measures. Carbonation, chlorides and sulphates are identified as principal causes of corrosion and decay.
650 _aBRIDGES
690 _aBUILDING AND CONSTRUCTION-REPAIRS AND MAINTENANCE
942 _n0
948 _c04/03/1997
999 _c40052
_d40052